000 01199nam a22001817a 4500
999 _c64034
_d64034
003 Ge_BSU
005 20260313151015.0
008 260313s1967 ge ||||| |||| 00| 0 geo d
041 _ageo
080 _a908(479.22)(084.12) : 008(479.22) : 338(479.22) რ-72
245 _aროგორ ვიზარდეთ :
_b[საქართველოს კულტურა და ეკონომიკა 50 წ. მანძილზე. ფოტო-ალბომი] /
_cტექსტი გ. ქველაძის; მხატვ: გ. გორდელაძე; შემდგ: გ. გორდელაძე, გ. ქველაძე; ფოტო-სურათების ავტ: ო. თურქია, ი. დვალი, ა. არუთინოვი და სხვ.
264 _aთბ. :
_bსაბჭ. საქართველო,
_c1967.
300 _a316 გვ. :
_b ილ. ;
_c27 სმ.
653 _aსაქართველოს ფოტოალბომები
653 _aქართული კულტურა
653 _aსაქართველოს ეკონომიკა
942 _2udc
_cᲬᲘᲒᲜᲘ